000 01027cam a2200373 4500500
005 20260405004102.0
041 _afre
042 _adc
100 1 0 _aOrtoli, Sven
_eauthor
700 1 0 _aLarmagnac-Matheron, Octave
_eauthor
245 0 0 _aSuzanne Simard et le peuple des arbres
260 _c2022.
500 _a60
690 _aAltérité
690 _aArbre
690 _aBiodiversité
690 _aCanada
690 _aChimie
690 _aCollaboration
690 _aCommunication
690 _aCoopération
690 _aDécision
690 _aÉchange
690 _aforêt
690 _aintelligence
690 _aMémoire
690 _aPlante
690 _aRésilience
690 _aRhizome
690 _aSoin
690 _aVégétal
786 0 _nPhilosophie magazine - Hors séries | Hors-série - Pritemps-été 2022 | HS53 | 2022-04-01 | p. 9-10 | 2104-9246
856 4 1 _uhttps://shs.cairn.info/magazine-philosophie-magazine-2022-3-6-page-9?lang=fr&redirect-ssocas=7080
999 _c2073564
_d2073564